| 000 -LEADER |
| fixed length control field |
00646nam a2200205Ia 4500 |
| 001 - CONTROL NUMBER |
| control field |
12364 |
| 003 - CONTROL NUMBER IDENTIFIER |
| control field |
GE_BSU |
| 008 - FIXED-LENGTH DATA ELEMENTS--GENERAL INFORMATION |
| fixed length control field |
181216s||||||||xx |||||||||||||| ||und|| |
| 040 ## - CATALOGING SOURCE |
| Transcribing agency |
GE_BSU |
| 080 ## - UNIVERSAL DECIMAL CLASSIFICATION NUMBER |
| Universal Decimal Classification number |
633 |
| 245 ## - TITLE STATEMENT |
| Title |
Интродукция растении и зеленое строительство |
| 245 ## - TITLE STATEMENT |
| Statement of responsibility, etc. |
Под.ред. С.Я.Соколова.Ред.А.С.Лозина |
| 250 ## - EDITION STATEMENT |
| Edition statement |
3-ое |
| 260 ## - PUBLICATION, DISTRIBUTION, ETC. |
| Place of publication, distribution, etc. |
Москва |
| 260 ## - PUBLICATION, DISTRIBUTION, ETC. |
| Name of publisher, distributor, etc. |
Акад.Наук СССР |
| 260 ## - PUBLICATION, DISTRIBUTION, ETC. |
| Date of publication, distribution, etc. |
1953 |
| 300 ## - PHYSICAL DESCRIPTION |
| Extent |
399стр.илл.26см. |
| 653 ## - INDEX TERM--UNCONTROLLED |
| Uncontrolled term |
Интродукция растении и зеленое строительство |
| 942 ## - ADDED ENTRY ELEMENTS (KOHA) |
| Koha item type |
წიგნი |